000
00319nam a2200133Ia 4500
008
240624s9999 xx 000 0 und d
041
_a
eng
082
_a
920 YOG
100
_a
YOGANANDA SRI SRI PARAMAHANSA
245
_a
AUTOBIOGRAPHY OF A YOGI
260
_c
2010
_a
INDIA,2010
300
_a
510 : p.
365
_c
RS
_b
25
999
_c
22151
_d
22151